[Event "Southern Alberta op"]
[Site "Calgary CAN"]
[Date "2002.11.16"]
[Round "2"]
[White "Lovi, Aaron"]
[Black "Ottosen, David"]
[Result "0-1"]
[WhiteElo "1632"]
[BlackElo "2025"]
[PlyCount "110"]
[EventDate "2002.11.15"]
[EventType "swiss"]
[EventRounds "5"]
[EventCountry "CAN"]

1. e4 d5 2. exd5 Nf6 3. d4 Bg4 4. Nf3 Qxd5 5. Be2 e6 6. O-O Nc6 7. c4 Qf5 8.
Nc3 O-O-O 9. Be3 h5 10. d5 exd5 11. cxd5 Nxd5 12. Nxd5 Qxd5 13. Qa4 Qa5 14. Qf4
Bd6 15. Qxf7 Ne5 16. Qb3 Nxf3+ 17. gxf3 Bh3 18. Rfd1 Qe5 19. f4 Qe4 20. f3 Qg6+
21. Kf2 Qg2+ 22. Ke1 Bb4+ 23. Qxb4 Qh1+ 24. Kf2 Qxh2+ 25. Ke1 Rde8 26. Qd4 Qg3+
27. Bf2 Qxf3 28. Rd2 Bg4 29. Qd8+ Rxd8 30. Rxd8+ Rxd8 31. Bxf3 Bxf3 32. Bh4 Rd4
33. Bg5 Re4+ 34. Kd2 Kd7 35. Rc1 Re2+ 36. Kc3 g6 37. Rd1+ Kc6 38. Rd8 b5 39.
Rg8 Be4 40. Re8 Rc2+ 41. Kb3 Bf5 42. Re3 a5 43. Rc3+ Rxc3+ 44. Kxc3 b4+ 45. Kd4
Kb5 46. a3 c5+ 47. Ke3 Kc4 48. axb4 cxb4 49. Kd2 Kb3 50. Kc1 a4 51. Bf6 a3 52.
bxa3 bxa3 53. Kd2 a2 54. Ke3 Kc2 55. Kf2 Kb1 0-1

[Event "Southern Alberta op"]
[Site "Calgary CAN"]
[Date "2002.11.16"]
[Round "2"]
[White "Nguyen, Kim"]
[Black "Reeve, Jeff"]
[Result "0-1"]
[WhiteElo "1985"]
[BlackElo "2372"]
[PlyCount "98"]
[EventDate "2002.11.15"]
[EventType "swiss"]
[EventRounds "5"]
[EventCountry "CAN"]

1. e4 c5 2. Nf3 d6 3. d4 cxd4 4. Nxd4 Nf6 5. Nc3 g6 6. Be3 Bg7 7. Be2 Nc6 8.
Nb3 O-O 9. f4 Be6 10. O-O Qc8 11. Kh1 Rd8 12. Bg1 Bg4 13. Bf3 Bxf3 14. Rxf3 d5
15. e5 Ne4 16. Qe1 Nxc3 17. bxc3 Qf5 18. Qd2 Rac8 19. Re1 b6 20. h3 h5 21. Qd3
Qxd3 22. cxd3 e6 23. Rff1 Bf8 24. g4 hxg4 25. hxg4 Ne7 26. Bd4 Bg7 27. Re2 Rd7
28. Kg1 Rdc7 29. Kh1 Re8 30. Rb2 Nc6 31. Bf2 f6 32. d4 fxe5 33. fxe5 Kh7 34.
Re1 Bf8 35. Be3 Nd8 36. Bd2 Nf7 37. Kg2 Bh6 38. Rc2 Kg7 39. Bxh6+ Kxh6 40. Kg3
Ng5 41. Nd2 b5 42. Kf4 a6 43. Kg3 Rf8 44. Rcc1 Ne4+ 45. Nxe4 dxe4 46. Kh4 Rf4
47. Rh1 e3 48. Rh2 Rf2 49. Kg3+ Rxh2 0-1

[Event "Southern Alberta op"]
[Site "Calgary CAN"]
[Date "2002.11.16"]
[Round "2"]
[White "Pivovarov, Juraj"]
[Black "Ward, Kevin"]
[Result "1-0"]
[WhiteElo "1820"]
[BlackElo "1663"]
[PlyCount "152"]
[EventDate "2002.11.15"]
[EventType "swiss"]
[EventRounds "5"]
[EventCountry "CAN"]

1. e4 d5 2. exd5 Qxd5 3. Nc3 Qa5 4. d4 Nf6 5. Bd2 Qb6 6. Nf3 Bg4 7. Be2 c6 8.
Na4 Qc7 9. Ne5 Bf5 10. Bc4 e6 11. Bb3 Nbd7 12. f4 Nxe5 13. fxe5 Bg4 14. Qc1 Ne4
15. O-O Nxd2 16. Qxd2 O-O-O 17. Qf4 Bh5 18. c3 h6 19. Bc2 g5 20. Qf2 Bg7 21. d5
Rxd5 22. Qxa7 Kd8 23. Bd1 Bg6 24. Bf3 Ra5 25. Qd4+ Qd7 26. Qb4 Qc7 27. Rad1+
Ke8 28. Nc5 Rb5 29. Qc4 Bxe5 30. Nxe6 Qb6+ 31. Kh1 Ke7 32. Nd4 Rc5 33. Qe2 Re8
34. b4 Kf8 35. bxc5 Qxc5 36. Qb2 Re7 37. Qb4 Qxb4 38. cxb4 f5 39. g4 f4 40. Nb3
Bc3 41. Rd8+ Kg7 42. Rfd1 Be4 43. Bxe4 Rxe4 44. Nc5 Re2 45. Rb8 f3 46. Rxb7+
Kg6 47. Rf1 f2 48. Kg2 Bd4 49. Nd3 Rd2 50. Nxf2 Rb2 51. Rc7 Rxb4 52. Rxc6+ Kg7
53. Rd1 Bf6 54. Rd7+ Kg6 55. Rdd6 Rf4 56. Ne4 Rxe4 57. Rxf6+ Kg7 58. Rxh6 Rxg4+
59. Kf3 Rf4+ 60. Ke3 Ra4 61. Rhg6+ Kf7 62. Rxg5 Rh4 63. Rb5 Rh3+ 64. Kf4 Ke8
65. Rb7 Kd8 66. Rg6 Kc8 67. Ra7 Kb8 68. Rf7 Rh8 69. Ke5 Re8+ 70. Kd6 Rd8+ 71.
Kc6 Rc8+ 72. Kb6 Ka8 73. Ka6 Rd8 74. Rgf6 Kb8 75. Rf8 Rxf8 76. Rxf8+ Kc7 1-0

[Event "Southern Alberta op"]
[Site "Calgary CAN"]
[Date "2002.11.16"]
[Round "2"]
[White "Robertson, Archie"]
[Black "Snelling, Justin"]
[Result "1-0"]
[WhiteElo "1850"]
[BlackElo "1550"]
[PlyCount "56"]
[EventDate "2002.11.15"]
[EventType "swiss"]
[EventRounds "5"]
[EventCountry "CAN"]

1. d4 Nf6 2. c4 g6 3. Nf3 d6 4. g3 Bg7 5. Bg2 c6 6. O-O O-O 7. Nc3 Qc7 8. Bf4
Nh5 9. Qd2 Nxf4 10. Qxf4 e5 11. dxe5 dxe5 12. Qe3 Be6 13. b3 Nd7 14. Rad1 h6
15. Ne4 Nb6 16. Nc5 Bf5 17. Nh4 Rae8 18. Nxf5 gxf5 19. Rd3 e4 20. Rd2 Rd8 21.
Rfd1 Kh7 22. Bh3 Kg8 23. Nxe4 Rxd2 24. Nxd2 Rd8 25. Qf3 Qe5 26. e3 h5 27. Bf1
Qb2 28. Qe2 Qxa2 1-0

[Event "Southern Alberta op"]
[Site "Calgary CAN"]
[Date "2002.11.16"]
[Round "2"]
[White "Roy, Jim"]
[Black "Gardner, Robert"]
[Result "0-1"]
[WhiteElo "1923"]
[BlackElo "2255"]
[PlyCount "50"]
[EventDate "2002.11.15"]
[EventType "swiss"]
[EventRounds "5"]
[EventCountry "CAN"]

1. d4 Nf6 2. c4 c5 3. d5 b5 4. cxb5 a6 5. bxa6 g6 6. d6 exd6 7. Nc3 Nxa6 8. e4
Bb7 9. f3 Be7 10. Bh6 Qb6 11. Qd2 Nc7 12. Bc4 Qb4 13. b3 d5 14. exd5 Nfxd5 15.
Bg7 Rg8 16. a3 Rxa3 17. Rxa3 Qxa3 18. Nxd5 Nxd5 19. Bb2 Qb4 20. Ne2 Qxd2+ 21.
Kxd2 Bg5+ 22. f4 Nxf4 23. Bxf7+ Kxf7 24. Rf1 Ba6 25. Nxf4 Bxf1 0-1

[Event "Southern Alberta op"]
[Site "Calgary CAN"]
[Date "2002.11.16"]
[Round "2"]
[White "Swiecicki, Bronislav"]
[Black "Snelling, Justin"]
[Result "0-1"]
[WhiteElo "1750"]
[BlackElo "1395"]
[PlyCount "88"]
[EventDate "2002.11.15"]
[EventType "swiss"]
[EventRounds "5"]
[EventCountry "CAN"]

1. e4 e6 2. Bc4 b6 3. Nc3 Bb7 4. d3 d5 5. exd5 exd5 6. Bb5+ c6 7. Ba4 b5 8.
Nxb5 cxb5 9. Bxb5+ Nc6 10. Nf3 Qa5+ 11. Bd2 Qxb5 12. b3 Bb4 13. c3 Ba5 14. O-O
Qxd3 15. Re1+ Nge7 16. b4 Bb6 17. a4 a6 18. Qc1 O-O 19. Rd1 Qf5 20. Bg5 f6 21.
Bh4 Ne5 22. Nxe5 fxe5 23. Bxe7 Qxf2+ 24. Kh1 d4 25. Qg5 Rf7 26. h3 Re8 27. Bc5
Bd8 28. Qg4 Rf4 29. Rf1 Rxg4 30. Rxf2 Rh4 31. Kh2 d3 32. Raf1 Rf4 33. Rxf4 exf4
34. Rd1 Bc7 35. Rxd3 Re2 36. Kg1 Rxg2+ 37. Kf1 Bc6 38. c4 Rc2 39. b5 Bg2+ 40.
Ke1 Ba5+ 41. Kd1 Rxc4 42. Bd6 f3 43. Bg3 Bf1 44. Rd6 Be2# 0-1

[Event "Southern Alberta op"]
[Site "Calgary CAN"]
[Date "2002.11.16"]
[Round "2"]
[White "Williams, Philip"]
[Black "MacFie, Bob"]
[Result "0-1"]
[WhiteElo "1376"]
[BlackElo "1729"]
[PlyCount "64"]
[EventDate "2002.11.15"]
[EventType "swiss"]
[EventRounds "5"]
[EventCountry "CAN"]

1. d4 d6 2. Nf3 f5 3. c4 g6 4. Nc3 Nf6 5. Bg5 Bg7 6. Bxf6 Bxf6 7. e3 O-O 8. e4
fxe4 9. Nxe4 Bg7 10. Be2 c6 11. O-O Qe8 12. Re1 Nd7 13. Bd3 Qd8 14. Qb3 Rxf3
15. gxf3 Bxd4 16. c5+ d5 17. Ng5 Nxc5 18. Qc2 Nxd3 19. Qxd3 e5 20. f4 Bf5 21.
Qg3 exf4 22. Qxf4 Bxb2 23. Rab1 Bf6 24. Rxb7 Bxg5 25. Qc7 Qxc7 26. Rxc7 d4 27.
Rd1 Rd8 28. Rxc6 Rd7 29. f3 Be3+ 30. Kf1 Rb7 31. Rd6 Rb2 32. R6xd4 Bh3+ 0-1

[Event "Southern Alberta op"]
[Site "Calgary CAN"]
[Date "2002.11.16"]
[Round "2"]
[White "Yearwood, Roy"]
[Black "Cripps, Richard"]
[Result "1-0"]
[WhiteElo "2123"]
[BlackElo "1400"]
[PlyCount "30"]
[EventDate "2002.11.15"]
[EventType "swiss"]
[EventRounds "5"]
[EventCountry "CAN"]

1. d4 d5 2. Nf3 Nf6 3. Bg5 e6 4. Nbd2 Be7 5. Bxf6 Bxf6 6. e4 O-O 7. e5 Be7 8.
Bd3 c5 9. dxc5 Bxc5 10. h4 Nd7 11. Bxh7+ Kxh7 12. Ng5+ Kg8 13. Qh5 Re8 14.
Qxf7+ Kh8 15. Qh5+ Kg8 1-0

[Event "Southern Alberta op"]
[Site "Calgary CAN"]
[Date "2002.11.16"]
[Round "3"]
[White "Daniluk, Jim"]
[Black "Pivovarov, Juraj"]
[Result "1/2-1/2"]
[WhiteElo "1988"]
[BlackElo "1820"]
[PlyCount "113"]
[EventDate "2002.11.15"]
[EventType "swiss"]
[EventRounds "5"]
[EventCountry "CAN"]

1. d4 a6 2. c4 b5 3. cxb5 axb5 4. e3 Ba6 5. Qb3 c6 6. Nc3 e6 7. Nf3 b4 8. Ne4
Bxf1 9. Rxf1 Na6 10. Bd2 Nf6 11. Nxf6+ gxf6 12. O-O-O c5 13. Kb1 Qb6 14. dxc5
Bxc5 15. Qd3 Ra7 16. Bc1 Ke7 17. Nd2 Rha8 18. Nc4 Qc7 19. e4 Nb8 20. Qb3 Nc6
21. Be3 Na5 22. Nxa5 Rxa5 23. Rc1 d6 24. Bxc5 dxc5 25. Qxb4 Rb8 26. Qc3 Rbb5
27. a3 Qxh2 28. Rfd1 Qe5 29. Qd2 Qxe4+ 30. Rc2 Qd4 31. Qxd4 cxd4 32. Rxd4 Rxa3
33. Rc7+ Ke8 34. Rg4 Kf8 35. Rc8+ Ke7 36. Rgg8 Kd6 37. Rg7 Rab3 38. Rc2 h5 39.
Rxf7 Ke5 40. Rh7 Kf4 41. Rhc7 e5 42. R7c4+ Kg5 43. Re2 f5 44. Ka2 h4 45. Rc3
R3b4 46. Ka3 e4 47. Rc8 Rb8 48. Rxb8 Rxb8 49. b4 Kg4 50. Ka4 h3 51. gxh3+ Kxh3
52. b5 Kg2 53. Ka5 Kf3 54. Rb2 f4 55. b6 e3 56. fxe3 fxe3 57. b7 1/2-1/2

[Event "Southern Alberta op"]
[Site "Calgary CAN"]
[Date "2002.11.16"]
[Round "3"]
[White "Dean, Tim"]
[Black "Roy, Jim"]
[Result "0-1"]
[WhiteElo "1923"]
[BlackElo "1776"]
[PlyCount "64"]
[EventDate "2002.11.15"]
[EventType "swiss"]
[EventRounds "5"]
[EventCountry "CAN"]

1. e4 c5 2. Nf3 d6 3. d4 cxd4 4. Nxd4 Nf6 5. Nc3 a6 6. Be2 Qc7 7. O-O b5 8. f4
Bb7 9. Bf3 e5 10. Nf5 Nbd7 11. Kh1 Rc8 12. Rf2 b4 13. Nd5 Bxd5 14. exd5 g6 15.
fxe5 dxe5 16. d6 Qb8 17. Ne7 Bxe7 18. dxe7 e4 19. Be2 h5 20. Bf4 Qb6 21. Rf1
Qc6 22. Rc1 Nd5 23. Bg5 f6 24. Qd4 Rh7 25. c4 bxc3 26. Bd2 Rxe7 27. Bxc3 Qb7
28. Bxa6 Qxa6 29. Qxd5 e3 30. Qg8+ Nf8 31. Bxf6 Rxc1 32. Rxc1 Rf7 0-1

[Event "Southern Alberta op"]
[Site "Calgary CAN"]
[Date "2002.11.16"]
[Round "3"]
[White "Flemming, Jim"]
[Black "Cripps, Richard"]
[Result "1-0"]
[WhiteElo "1946"]
[BlackElo "1400"]
[PlyCount "74"]
[EventDate "2002.11.15"]
[EventType "swiss"]
[EventRounds "5"]
[EventCountry "CAN"]

1. d4 d5 2. c4 Nf6 3. cxd5 Qxd5 4. Nc3 Qd8 5. Nf3 e6 6. e4 Bb4 7. Bd3 O-O 8.
O-O h6 9. Bf4 Nc6 10. Bc2 Re8 11. Qd3 e5 12. dxe5 Qxd3 13. Bxd3 Bxc3 14. bxc3
Nh5 15. Be3 Nxe5 16. Nxe5 Rxe5 17. f4 Ra5 18. e5 Be6 19. f5 Bd7 20. g4 Rxe5 21.
Bd4 Rd5 22. gxh5 b5 23. Be4 Rxd4 24. cxd4 c6 25. Rac1 Rc8 26. Rc5 Re8 27. Re5
Rd8 28. Rc1 b4 29. Bxc6 Bxc6 30. Rxc6 Rxd4 31. Rc8+ Kh7 32. Ree8 g6 33. f6 Rg4+
34. Kh1 gxh5 35. Rh8+ Kg6 36. Rhg8+ Kxf6 37. Rxg4 hxg4 1-0

[Event "Southern Alberta op"]
[Site "Calgary CAN"]
[Date "2002.11.16"]
[Round "3"]
[White "Gardner, Robert"]
[Black "Huber, Greg"]
[Result "0-1"]
[WhiteElo "2255"]
[BlackElo "2308"]
[PlyCount "102"]
[EventDate "2002.11.15"]
[EventType "swiss"]
[EventRounds "5"]
[EventCountry "CAN"]

1. f4 c5 2. Nf3 Nc6 3. g3 g6 4. Bg2 Bg7 5. e4 e6 6. d3 Nge7 7. c3 d5 8. e5 b6
9. a3 O-O 10. h4 f6 11. d4 cxd4 12. cxd4 fxe5 13. dxe5 Qc7 14. O-O Nf5 15. g4
Ng3 16. Re1 Ne4 17. Be3 Bb7 18. Nbd2 Rad8 19. Nb3 Qe7 20. g5 Ng3 21. Nbd4 Nxd4
22. Nxd4 Nf5 23. Nxf5 Rxf5 24. Bh3 d4 25. Bd2 Rf7 26. Rc1 Qd7 27. Qg4 Bd5 28.
Bg2 Bf8 29. Qh3 Bc5 30. b4 Bf8 31. Rc2 a5 32. Rec1 Bxg2 33. Kxg2 axb4 34. axb4
d3 35. Rc6 Qd5+ 36. Kg3 Bxb4 37. Qh2 Ba3 38. R1c3 Bc5 39. R6xc5 bxc5 40. Qg1 c4
41. Qc1 Rc8 42. Be3 Rd7 43. Qd2 Rb7 44. Qh2 Qe4 45. Qf2 Rcb8 46. Qf3 Qxf3+ 47.
Kxf3 Rd7 48. Bd2 Rc8 49. Ke3 Ra7 50. Kd4 Ra2 51. Be3 d2 0-1

[Event "Southern Alberta op"]
[Site "Calgary CAN"]
[Date "2002.11.16"]
[Round "3"]
[White "Hinds, Ronald"]
[Black "Kaminski, Victor"]
[Result "1-0"]
[WhiteElo "2023"]
[BlackElo "1719"]
[PlyCount "53"]
[EventDate "2002.11.15"]
[EventType "swiss"]
[EventRounds "5"]
[EventCountry "CAN"]

1. e4 e5 2. Nf3 Nc6 3. d4 exd4 4. Nxd4 Nf6 5. Nxc6 bxc6 6. e5 Ne4 7. Nd2 Nxd2
8. Bxd2 d6 9. Qf3 d5 10. Bd3 Be6 11. O-O g6 12. Qg3 Rb8 13. b3 c5 14. f4 c4 15.
Be2 cxb3 16. axb3 Bc5+ 17. Kh1 Bf5 18. Bd3 Qd7 19. Bxf5 Qxf5 20. Qc3 Bb6 21.
Qc6+ Qd7 22. Qf6 Rg8 23. f5 gxf5 24. e6 Qe7 25. exf7+ Qxf7 26. Rae1+ Kf8 27.
Bh6+ 1-0

[Event "Southern Alberta op"]
[Site "Calgary CAN"]
[Date "2002.11.16"]
[Round "3"]
[White "Kaminski, Thomas"]
[Black "Swiecicki, Bronislav"]
[Result "1/2-1/2"]
[WhiteElo "1436"]
[BlackElo "1751"]
[PlyCount "41"]
[EventDate "2002.11.15"]
[EventType "swiss"]
[EventRounds "5"]
[EventCountry "CAN"]

1. Nf3 Nf6 2. d4 d5 3. g3 b6 4. Bg2 Bb7 5. O-O e6 6. Bg5 Be7 7. Nbd2 Nc6 8. c3
Na5 9. b4 Nc4 10. Nxc4 dxc4 11. Bxf6 Bxf6 12. Nd2 b5 13. a4 c6 14. axb5 cxb5
15. Ra5 Qc7 16. Qa1 Bxg2 17. Kxg2 O-O 18. e4 Qb7 19. Kg1 a6 20. e5 Bd8 21. Qb1
1/2-1/2

[Event "Southern Alberta op"]
[Site "Calgary CAN"]
[Date "2002.11.16"]
[Round "3"]
[White "Ottosen, David"]
[Black "Hughey, Micah"]
[Result "1/2-1/2"]
[WhiteElo "2025"]
[BlackElo "2030"]
[PlyCount "26"]
[EventDate "2002.11.15"]
[EventType "swiss"]
[EventRounds "5"]
[EventCountry "CAN"]

1. e4 e5 2. Nf3 Nc6 3. Bb5 a6 4. Ba4 Nf6 5. O-O Be7 6. Re1 b5 7. Bb3 Bb7 8. c3
d5 9. exd5 Nxd5 10. d4 exd4 11. Nxd4 Nxd4 12. Qxd4 O-O 13. Nd2 c5 1/2-1/2

[Event "Southern Alberta op"]
[Site "Calgary CAN"]
[Date "2002.11.16"]
[Round "3"]
[White "Reeve, Jeff"]
[Black "Haessel, Dale"]
[Result "1-0"]
[WhiteElo "2235"]
[BlackElo "2375"]
[PlyCount "54"]
[EventDate "2002.11.15"]
[EventType "swiss"]
[EventRounds "5"]
[EventCountry "CAN"]

1. g3 d5 2. Nf3 Nf6 3. Bg2 g6 4. O-O Bg7 5. d3 O-O 6. Nbd2 Nbd7 7. c3 e5 8. Qc2
b6 9. a4 Bb7 10. Rd1 c5 11. e4 Qc7 12. exd5 Nxd5 13. Re1 a6 14. Qb3 Rfe8 15.
Nc4 Rad8 16. Bg5 Rb8 17. Re2 h6 18. Bd2 Rbd8 19. Rae1 Re6 20. h4 Rde8 21. Nh2
R6e7 22. Ng4 Kh7 23. h5 f5 24. hxg6+ Kxg6 25. Nh2 N7f6 26. Nf3 Ng4 27. Nh2 Ngf6
1-0

[Event "Southern Alberta op"]
[Site "Calgary CAN"]
[Date "2002.11.16"]
[Round "3"]
[White "Robertson, Archie"]
[Black "Nguyen, Kim"]
[Result "0-1"]
[WhiteElo "1850"]
[BlackElo "1985"]
[PlyCount "84"]
[EventDate "2002.11.15"]
[EventType "swiss"]
[EventRounds "5"]
[EventCountry "CAN"]

1. d4 Nf6 2. c4 g6 3. Nc3 Bg7 4. e4 d6 5. f4 O-O 6. Nf3 c5 7. Be3 Qa5 8. Qd2
cxd4 9. Nxd4 Nc6 10. Nxc6 bxc6 11. Bd3 Rb8 12. O-O Ng4 13. Be2 Nxe3 14. Qxe3
Rxb2 15. Rac1 Bxc3 16. Rxc3 Qxa2 17. Bf3 c5 18. Qd3 Be6 19. f5 Rd2 20. Qe3 Bc8
21. Ra3 Qb2 22. Rxa7 Qd4 23. Qxd4 Rxd4 24. fxg6 hxg6 25. Rxe7 Be6 26. Rd1 Rxd1+
27. Bxd1 Ra8 28. Be2 Ra2 29. Bf1 Kg7 30. h4 Kf6 31. Rb7 Ke5 32. g4 Kf4 33. h5
gxh5 34. gxh5 Kg5 35. e5 dxe5 36. Rb5 f6 37. Rxc5 Bg4 38. Bd3 Bxh5 39. Rc7 Kf4
40. Bh7 Bg4 41. c5 f5 42. c6 Kg3 0-1

[Event "Southern Alberta op"]
[Site "Calgary CAN"]
[Date "2002.11.16"]
[Round "3"]
[White "Snelling, Justin"]
[Black "Kazmaier, Daniel"]
[Result "0-1"]
[WhiteElo "1390"]
[BlackElo "1870"]
[PlyCount "140"]
[EventDate "2002.11.15"]
[EventType "swiss"]
[EventRounds "5"]
[EventCountry "CAN"]

1. d4 Nf6 2. c4 g6 3. Nc3 d5 4. Bf4 Bg7 5. e3 O-O 6. Bd3 c6 7. Qc2 Nbd7 8. Nf3
dxc4 9. Bxc4 Nh5 10. Bg5 h6 11. Bh4 Nb6 12. Bb3 Kh8 13. h3 Nd5 14. O-O-O Nxc3
15. bxc3 Qd6 16. Kb2 Be6 17. g4 Bxb3 18. axb3 Nf6 19. Bg3 Qd5 20. Ra1 Qxf3 21.
Rhg1 Qe4 22. Qe2 c5 23. f3 Qc6 24. Be5 cxd4 25. exd4 Nd5 26. Bxg7+ Kxg7 27.
Rgc1 Nf4 28. Qf1 Qe6 29. Re1 Qd6 30. Re4 a6 31. Rae1 e6 32. h4 b5 33. R1e3 Rfc8
34. Qh1 Nd5 35. Rd3 b4 36. c4 Nc3 37. Ree3 Qb6 38. f4 Qa5 39. Qa1 Qxa1+ 40.
Kxa1 a5 41. Kb2 a4 42. Rxc3 bxc3+ 43. Rxc3 axb3 44. f5 Rcb8 45. Rxb3 Rxb3+ 46.
Kxb3 gxf5 47. gxf5 Rb8+ 48. Kc3 exf5 49. d5 f4 50. c5 f3 51. Kd2 Rd8 52. d6 Kf6
53. Ke3 f2 54. Kxf2 Kf5 55. Ke3 Ke5 56. Kf3 h5 57. Ke3 f5 58. Kf3 f4 59. Ke2
Kd5 60. Kf3 Kxc5 61. Kxf4 Rxd6 62. Kg5 Rd5+ 63. Kf4 Kd4 64. Kf3 Rf5+ 65. Kg3
Ke3 66. Kh3 Kf4 67. Kg2 Kg4 68. Kh2 Rf2+ 69. Kg1 Kg3 70. Kh1 Rf1# 0-1

[Event "Southern Alberta op"]
[Site "Calgary CAN"]
[Date "2002.11.16"]
[Round "3"]
[White "Ward, Kevin"]
[Black "Williams, Philip"]
[Result "1-0"]
[WhiteElo "1663"]
[BlackElo "1376"]
[PlyCount "83"]
[EventDate "2002.11.15"]
[EventType "swiss"]
[EventRounds "5"]
[EventCountry "CAN"]

1. f4 Nf6 2. Nf3 c5 3. b3 d5 4. e3 Nc6 5. Bb2 Nd7 6. c4 d4 7. exd4 cxd4 8. Nxd4
Nc5 9. Nxc6 bxc6 10. d4 Ne6 11. f5 Nxd4 12. Qxd4 Bxf5 13. Qxd8+ Rxd8 14. Nc3 e5
15. Rd1 Bd6 16. Be2 O-O 17. O-O Bc5+ 18. Kh1 Rd7 19. Rxf5 Rfd8 20. Rxd7 Rxd7
21. Ne4 Bd4 22. Bxd4 exd4 23. Bd3 a5 24. Rg5 Kf8 25. h4 Ke7 26. Nc5 h6 27. Re5+
Kd6 28. Nxd7 Kxd7 29. c5 f6 30. Bf5+ Kc7 31. Re7+ Kd8 32. Rxg7 Ke8 33. Kg1 Kf8
34. Rc7 a4 35. Kf2 axb3 36. axb3 d3 37. Bxd3 f5 38. Kf3 h5 39. Kf4 Ke8 40. Kxf5
Kd8 41. Rh7 Ke8 42. Kf6 1-0

[Event "Southern Alberta op"]
[Site "Calgary CAN"]
[Date "2002.11.17"]
[Round "4"]
[White "Eshleman, Brandon"]
[Black "Milne, Arthur"]
[Result "0-1"]
[WhiteElo "1903"]
[BlackElo "1804"]
[PlyCount "54"]
[EventDate "2002.11.15"]
[EventType "swiss"]
[EventRounds "5"]
[EventCountry "CAN"]

1. e4 Nc6 2. d4 e5 3. d5 Nce7 4. f4 exf4 5. Bxf4 Ng6 6. Bg3 d6 7. Bb5+ Bd7 8.
Bxd7+ Qxd7 9. Nf3 Nf6 10. Nc3 Be7 11. O-O O-O 12. Qd2 Rfe8 13. Rae1 Nh5 14. e5
Nxg3 15. hxg3 dxe5 16. Nxe5 Bc5+ 17. Kh1 Nxe5 18. Ne4 Bd6 19. Qg5 Ng6 20. Qh5
Re5 21. Ng5 h6 22. Rxe5 Bxe5 23. Rxf7 Qxd5 24. Qxg6 hxg5 25. Rf5 Rf8 26. Rxg5
Qd6 27. Qe4 Qh6+ 0-1

[Event "Southern Alberta op"]
[Site "Calgary CAN"]
[Date "2002.11.17"]
[Round "4"]
[White "Huber, Greg"]
[Black "Reeve, Jeff"]
[Result "1/2-1/2"]
[WhiteElo "2308"]
[BlackElo "2375"]
[PlyCount "59"]
[EventDate "2002.11.15"]
[EventType "swiss"]
[EventRounds "5"]
[EventCountry "CAN"]

1. e4 c5 2. Nf3 Nc6 3. d4 cxd4 4. Nxd4 Nf6 5. Nc3 e5 6. Ndb5 d6 7. Bg5 a6 8.
Na3 b5 9. Nd5 Qa5+ 10. Bd2 Qd8 11. Bd3 Nxd5 12. exd5 Ne7 13. c4 g6 14. cxb5 Bg7
15. bxa6 O-O 16. Qb3 e4 17. Bc4 Bxa6 18. Bxa6 Rxa6 19. Nb5 Nf5 20. O-O Nd4 21.
Nxd4 Bxd4 22. Qc4 Qb6 23. Bc3 Bxc3 24. Qxc3 Rb8 25. b3 Rba8 26. a4 Rb8 27. Qc4
Raa8 28. Qxe4 Qxb3 29. a5 Qb5 30. h3 1/2-1/2

[Event "Southern Alberta op"]
[Site "Calgary CAN"]
[Date "2002.11.17"]
[Round "4"]
[White "Hughey, Micah"]
[Black "Bentley, Bill"]
[Result "1/2-1/2"]
[WhiteElo "2032"]
[BlackElo "1903"]
[PlyCount "60"]
[EventDate "2002.11.15"]
[EventType "swiss"]
[EventRounds "5"]
[EventCountry "CAN"]

1. e4 e6 2. d4 d5 3. Nc3 Bb4 4. a3 Bxc3+ 5. bxc3 dxe4 6. f3 c5 7. Bc4 cxd4 8.
cxd4 Qc7 9. Qe2 Nc6 10. Bb2 exf3 11. Nxf3 Nf6 12. d5 Nxd5 13. Bxg7 Rg8 14. Bxd5
Qa5+ 15. c3 Rxg7 16. Bxc6+ bxc6 17. O-O Ba6 18. c4 Qc5+ 19. Rf2 O-O-O 20. Rb1
Rdg8 21. Kh1 Qxc4 22. Qe5 Bb7 23. Qf6 Rxg2 24. Rxg2 Rxg2 25. Kxg2 Qc2+ 26. Nd2
Qxd2+ 27. Qf2 c5+ 28. Kg1 Qxf2+ 29. Kxf2 Kc7 30. Ke3 Bd5 1/2-1/2

[Event "Southern Alberta op"]
[Site "Calgary CAN"]
[Date "2002.11.17"]
[Round "4"]
[White "Kazmaier, Daniel"]
[Black "Hinds, Ronald"]
[Result "1-0"]
[WhiteElo "2023"]
[BlackElo "1867"]
[PlyCount "154"]
[EventDate "2002.11.15"]
[EventType "swiss"]
[EventRounds "5"]
[EventCountry "CAN"]

1. e4 c5 2. Nc3 Nc6 3. g3 g6 4. Bg2 Bg7 5. f4 e6 6. Nf3 Nge7 7. O-O O-O 8. Ne2
d5 9. d3 b6 10. h3 Bb7 11. g4 f5 12. e5 Qd7 13. d4 Rac8 14. Be3 cxd4 15. Bxd4
Ba6 16. g5 Rc7 17. c3 Rfc8 18. h4 Nxd4 19. Nfxd4 Nc6 20. Rf3 Bf8 21. h5 Bc5 22.
hxg6 hxg6 23. Kh1 Bxd4 24. Nxd4 Nxd4 25. Qxd4 Rc4 26. Qf2 R4c7 27. Rh3 Qg7 28.
Bf1 Bb7 29. Kh2 d4 30. Qxd4 Rd7 31. Qf2 Rcd8 32. Re1 Rd2 33. Re2 Rd1 34. a3 Ba6
35. Re1 Bxf1 36. Qxf1 R8d2+ 37. Kg1 Qd7 38. Rhe3 Qd5 39. R3e2 Rxe1 40. Rxe1
Qc5+ 41. Kh1 Rf2 42. Qh3 Qd5+ 43. Kg1 Qd2 44. Rf1 Re2 45. Qf3 Re4 46. Rf2 Qe1+
47. Kg2 Qb1 48. Re2 Kf7 49. Rxe4 fxe4 50. Qe2 Ke7 51. Qd2 Kf7 52. Qd7+ Kf8 53.
Qd8+ Kg7 54. Qc7+ Kg8 55. Qb8+ Kg7 56. Qxa7+ Kg8 57. Qxb6 Qc2+ 58. Qf2 Qd3 59.
a4 e3 60. Qe1 Qe4+ 61. Kg3 e2 62. Kf2 Qxf4+ 63. Kxe2 Qxe5+ 64. Kd1 Qd5+ 65. Kc2
e5 66. Qe3 Kf7 67. Qf2+ Kg8 68. Qd2 Qe4+ 69. Kb3 Qb7+ 70. Ka3 Qe7+ 71. b4 e4
72. Qe3 Qe5 73. a5 Qe6 74. b5 Qd6+ 75. Kb3 Qd5+ 76. c4 Qd1+ 77. Kb4 Qb1+ 1-0

[Event "Southern Alberta op"]
[Site "Calgary CAN"]
[Date "2002.11.17"]
[Round "4"]
[White "MacFie, Bob"]
[Black "Tot, Nandor"]
[Result "0-1"]
[WhiteElo "1729"]
[BlackElo "2148"]
[PlyCount "64"]
[EventDate "2002.11.15"]
[EventType "swiss"]
[EventRounds "5"]
[EventCountry "CAN"]

1. f4 d5 2. Nf3 Nf6 3. e3 e6 4. b3 Be7 5. Bb2 O-O 6. Be2 c5 7. O-O Nc6 8. d3
Ng4 9. Qd2 d4 10. exd4 f5 11. dxc5 Bxc5+ 12. d4 Bb6 13. Na3 e5 14. fxe5 Ncxe5
15. Nxe5 Nxe5 16. Nc4 Ng6 17. Nxb6 Qxb6 18. Kh1 Bd7 19. c4 f4 20. c5 Qc7 21.
Bc4+ Kh8 22. Qc3 Rae8 23. Rae1 Rxe1 24. Rxe1 f3 25. gxf3 Nh4 26. d5 Bh3 27. d6
Bg2+ 28. Kg1 Qxc5+ 29. Re3 Nf5 30. Kxg2 Qxe3 31. Qxe3 Nxe3+ 32. Kf2 Nd1+ 0-1

[Event "Southern Alberta op"]
[Site "Calgary CAN"]
[Date "2002.11.17"]
[Round "4"]
[White "Miller, Brian"]
[Black "Robertson, Archie"]
[Result "1/2-1/2"]
[WhiteElo "1705"]
[BlackElo "1870"]
[PlyCount "104"]
[EventDate "2002.11.15"]
[EventType "swiss"]
[EventRounds "5"]
[EventCountry "CAN"]

1. d4 Nf6 2. c4 c5 3. d5 b5 4. b3 bxc4 5. bxc4 d6 6. Qc2 g6 7. Bb2 Bg7 8. Nd2
Nbd7 9. e4 Rb8 10. Rb1 O-O 11. Ngf3 Ba6 12. Bd3 Qc7 13. O-O Ng4 14. Bxg7 Kxg7
15. Rxb8 Rxb8 16. Rb1 Nge5 17. Qc3 Rxb1+ 18. Bxb1 Kg8 19. Nxe5 Nxe5 20. f4 Nd7
21. Bd3 Qb6 22. e5 Qb4 23. Qxb4 cxb4 24. exd6 exd6 25. Ne4 Nb6 26. Nxd6 Nxd5
27. g3 Nc3 28. Bf1 Nxa2 29. c5 Bxf1 30. Kxf1 b3 31. Nc4 Kf8 32. Ke1 Ke7 33. Kd2
f6 34. Na5 b2 35. Kc2 Nb4+ 36. Kxb2 Nd3+ 37. Kc3 Nxc5 38. Nc6+ Ke6 39. Nxa7 Kf5
40. Kd4 Ne4 41. Nc6 Nf2 42. Nb8 Ng4 43. h3 Nf2 44. Ke3 Nxh3 45. Kf3 g5 46. fxg5
Nxg5+ 47. Kg2 Kg4 48. Nd7 Ne4 49. Kh2 Kf3 50. Kh3 Kf2 51. Kg4 h5+ 52. Kxh5 Kxg3
1/2-1/2